Miasta w Polsce z końcówką "-skie" - Nagła Śmierć - Statystyki

Ogólne statystyki
  • Ten quiz został rozwiązany 110 razy
  • Średni wynik to 10 z 20
Answers on the Grid
Answers color-coded by a green-red scale on the quiz's grid according to % correct below.
Bartoszyce Warmińskie
Bełżyce Lubelskie
Czarne Pomorskie
Drawno Lubuskie
Drawsko Pomorskie
Gryfice Pomorskie
Jabłonowo Pomorskie
Jedwabne Łomżyńskie
Karskie
Kąty Wrocławskie
Knurki Śląskie
Kolonowskie
Końskie
Kowalewo Pomorskie
Krosno Odrzańskie
Krzanowice Śląskie
Lędziny Tyskie
Miasteczko Krajeńskie
Miasteczko Śląskie
Nowe Miasto Lubawskie
Nyskie
Oborniki Śląskie
Opole Lubelskie
Ośno Lubuskie
Pabianice Lubuskie
Piekary Śląskie
Pruszcze Gdańskie
Pruszcze Pomorskie
Rędziny Gorzowskie
Rokity Wielkopolskie
Roskie
Sępólno Krajeńskie
Sępólno Kujawskie
Siemianowice Śląskie
Stronie Śląskie
Strzelce Krajeńskie
Strzelce Opolskie
Świętochłowice Śląskie
Trzebinki Pomorskie
Ząbkowice Śląskie
 
Statystyki odpowiedzi
Odpowiedź % Poprawnych
Końskie
76%
Drawsko Pomorskie
73%
Kąty Wrocławskie
73%
Strzelce Opolskie
71%
Siemianowice Śląskie
69%
Piekary Śląskie
67%
Ząbkowice Śląskie
64%
Oborniki Śląskie
62%
Nowe Miasto Lubawskie
53%
Krosno Odrzańskie
51%
Opole Lubelskie
44%
Sępólno Krajeńskie
42%
Kowalewo Pomorskie
40%
Miasteczko Śląskie
38%
Ośno Lubuskie
36%
Stronie Śląskie
36%
Strzelce Krajeńskie
36%
Jabłonowo Pomorskie
33%
Miasteczko Krajeńskie
33%
Kolonowskie
24%
Nie znaleziono quizów pasujących do podanych kryteriów
Rozkład punktacji
Procent ludzi z każdym wynikiem
Percentyl według liczby udzielonych odpowiedzi
Twoja historia wyników
Nie rozwiązałeś tego quizu